00477nam a2200157 4500003001100000005001700011008004100028040003900069041000800108082001600116245005200132260006600184300002000250650002200270650002700292LK-CoMWRAF20230910073201.0230910b1990 |||||||| |||| 00| 0 eng d aLK-CoMWRAFdLK-CoMWRAFeLK-CoMWRAF aeng a305.89bCHA aChallenge for change :bProfile of a community  aColombo : bMuslim women’s research and action forum,c1990 a213 p. ; 22 cm. aMuslims-Sri Lanka aMuslim women-Sri Lanka